000
00342 a2200169 4500
001
164498
020
_a
85-250-0822-2
040
_c
Magnum
100
_a
Reis, Roberto Esser Dos
240
1
0
_a
Esqueleto
_l
por
245
1
0
_a
Esqueleto
300
_a
63
362
0
_a
1990
440
1
_a
Globo
697
_a
CIĆNCIAS NATURAIS
942
_c
BK
999
_c
164498
_d
164498